Využitie nástrojov personálneho marketingu v riadení ľudských zdrojov

Gespeichert in:
Bibliographische Detailangaben
1. Verfasser: Trokanová, Barbora (Verfasst von)
Weitere Verfasser: Vaňová, Jaromíra (Betreuung Doktorarbeit)
Format: Manuskript Buch
Sprache:Slowakisch
Veröffentlicht: 2022
Schlagworte:
Online-Zugang:http://is.stuba.sk/zp/portal_zp.pl?podrobnosti=170067
Tags: Tag hinzufügen
Keine Tags, Fügen Sie das erste Tag hinzu!

MARC

LEADER 00000ntm a22000003a 4500
001 stuzp89219
003 SK-STU
005 20220702211611.8
007 ta
008 150427s2015----xo-----f-mn---000-0-slo-d
040 |a STU  |b slo 
041 0 |a slo 
100 1 |a Trokanová, Barbora  |u 064000  |4 aut  |U MTF Materiálovotechnologická fakulta  |T MTF Ústav priemyselného inžinierstva a manažmentu  |X 106343  |U M4000  |Y 84  |7 106343 
242 0 1 |a The use of personnel marketing tools in human resources management  |y eng 
245 1 0 |a Využitie nástrojov personálneho marketingu v riadení ľudských zdrojov 
260 |c 2022 
650 4 |a personálny marketing  |2 slo 
650 4 |a ľudské zdroje  |2 slo 
650 4 |a benefity  |2 slo 
650 4 |a human resources  |2 eng 
650 4 |a personnel marketing  |2 eng 
650 4 |a benefits  |2 eng 
700 1 |a Vaňová, Jaromíra  |u 064000  |k Z1  |4 ths  |U MTF Materiálovotechnologická fakulta  |T MTF Ústav priemyselného inžinierstva a manažmentu  |X 2877  |U M4000  |Y 84  |7 A000002877 
856 4 |u http://is.stuba.sk/zp/portal_zp.pl?podrobnosti=170067 
996 |c M* BP-9478  |l MMSKP  |s P  |a 0  |w stuzp89219_0001